[Event "Gausdal GM-A"]
[Site "Gausdal"]
[Date "2005.04.17"]
[Round "5"]
[White "Carlsen, Magnus"]
[Black "Vidonyak, Roman"]
[Result "1-0"]
[WhiteElo "2548"]
[BlackElo "2417"]
[Annotator "Golod,Vitali"]
[PlyCount "83"]
[EventDate "2005.04.13"]
[EventType "tourn"]
[EventRounds "9"]
[EventCountry "NOR"]
[EventCategory "10"]
[SourceTitle "CBM 107"]
[Source "ChessBase"]
[SourceDate "2005.08.01"]
[SourceVersion "1"]
[SourceVersionDate "2005.08.01"]
[SourceQuality "1"]

1. e4 c5 2. Nf3 e6 3. d4 cxd4 4. Nxd4 Nf6 5. Nc3 Nc6 6. Ndb5 Bc5 $6 {Black chose a very rare idea in this position.} 7. Bf4 O-O 8. Bc7 $5 (8. e5 $5 {For further information, you can see comments on Xu Yuhua-Cramling,P/Shenyang,2000/CBM 79(1-0)(Golod,V)(34)}) 8... Qe7 9. Bd6 Bxd6 10. Qxd6 Ne8 ({Other options are:} 10... Qd8) ({and} 10... Qxd6) 11. Qxe7 Nxe7 12. O-O-O f5 {Black aspires to exchange White's central pawn in order to finish development.} ({Hardly recommended may be:} 12... a6 $5) 13. Nd6 $5 {In this position White has many possibilities:} (13. Bd3) (13. exf5) (13. f3) ({and} 13. e5 $5) 13... Nxd6 14. Rxd6 fxe4 15. Nxe4 Nf5 16. Rd2 d5 {[%csl Rc8] Now Black is close to finishing his development, but the weakness of the pawn structure and the bad bishop define white's advantage.} 17. Ng5 (17. Nc5 $143 b6 18. Nd3 Nd6 19. f3 Ba6 20. Ne5 Bxf1 21. Rxf1 Rac8 22. Re1 Rfe8 23. Kb1 a5 24. Rde2 Nb5 25. a4 Nc7 26. Re3 b5 27. axb5 Nxb5 28. Nd3 $14 {Ernst,T-Bellon Lopez,J/Stockholm,2001(½-½)(38)}) 17... b6 ({I also found games in other continuations:} 17... Bd7) ({and} 17... Nh4) ({RR} 17... Ne7 18. Bd3 h6 19. Nf3 a6 20. Re1 Nc6 21. c4 Bd7 22. b3 Rad8 23. Ne5 Nxe5 24. Rxe5 Bc8 25. cxd5 Rxd5 26. Rxd5 exd5 27. f3 Kf7 28. Rc2 Ke6 29. Rc7 g5 30. Kd2 Kd6 31. Rh7 Rf6 32. Ke3 {Bok,B (2540)-Grachev,B (2669) London 2013 ½-½ (35)}) ({RR} 17... Bd7 18. Bd3 Rae8 ({RR} 18... h6 19. Nf3 Rae8 20. Ne5 Bc6 21. g3 Rf6 22. Bxf5 exf5 23. f4 Rd6 24. Rhd1 Rc8 25. c4 Rcd8 26. b3 Kf8 27. Nxc6 bxc6 28. cxd5 cxd5 29. Re1 Kf7 30. Kb2 Re6 31. Rde2 Re4 32. Kc3 Rde8 33. Kd3) 19. f4 ({RR} 19. Re1 e5 20. Be4 dxe4 21. Rxd7 e3 22. fxe3 h6 23. Ne4 Rd8 24. Rxd8 Rxd8 25. g4 Nh4 26. Rf1 Ng2 27. Rf3 Rc8 28. c3 Rc4 29. Nf2 Rc6 30. Rg3 Nh4 31. Ne4 g6 32. h3 Kf7 33. Rg1 Ke7) 19... e5 20. fxe5 Rxe5 21. Nxh7 Kxh7 22. g4 Kh6 23. Bxf5 Bxf5 24. gxf5 Rexf5 25. Rhd1 g5 26. Rxd5 Rxd5 27. Rxd5 g4 28. c4 Rf2 29. Rd2 Rf4 30. b3 Kg5 31. Kc2 Rf3 32. c5 {Vasquez Schroeder,R (2446)-Dubov,D (2684) chess.com INT 2025 1-0 (56)}) 18. Nf3 $1 {[%csl Re5] A good move. Magnus Carlsen prevents his opponent from playing e5.} (18. Bd3 $143 e5 19. Re1 e4 20. Bb5 Ne7 21. Re3 h6 22. Nh3 Be6 (22... Bb7 23. Rc3 Rac8 24. Rxc8 Bxc8 25. Ng1 {½-½ Wahls,M-Hall,J/Germany,1999(25)}) 23. Ba4 Nf5 24. Rc3 Nh4 25. Bb3 Rad8 26. Rc6 Bg4 27. Rxd5 Kh7 28. Nf4 Rxd5 29. Nxd5 Nxg2 $15 {Czebe,A-Chernov,V/Interlaken,2003(0-1)(47)}) 18... Nd6 19. Bd3 Nb7 $146 {Originally only this move is a novelty. And I'm not sure that is a good novelty. I like the continuation of the next game more:} (19... Bd7 $5 20. Re1 Nf7 21. c4 Rac8 22. Kb1 Rfe8 23. cxd5 exd5 24. Rxe8+ Rxe8 25. Bc2 Bg4 26. Bb3 Bxf3 27. gxf3 Re1+ 28. Kc2 Kf8 29. Rxd5 $14 {Berg,E-Hall,J/Germany,2002(½-½)(48)}) ({RR} 19... Bd7 20. Re1 Rae8 21. b3 Bb5 22. Bxb5 Nxb5 23. Kb2 Nd6 24. Ng5 Rf6 25. Rde2 Ne4 26. Nxe4 dxe4 27. Rd2 Ref8 28. Ree2 h5 29. Kc3 h4 30. Kd4 Rg6 31. g3 Rg4 32. Re3 hxg3 33. fxg3 Rd8+ 34. Kc3 {Le Corre,B (2271)-Camacho Collados,J (2393) Nancy 2014 1-0 (61)}) ({RR} 19... Bd7 20. Re1 Nf7 21. c4 Rac8 22. Kb1 Rfe8 23. cxd5 exd5 24. Rxe8+ Rxe8 25. Bc2 Bg4 26. Bb3 Bxf3 27. gxf3 Re1+ 28. Kc2 Kf8 29. Rxd5 Ke7 30. Kd2 Rh1 31. Rf5 Nd6 32. Rh5 h6 33. Kc3 Kf6 34. Rd5 {Berg,E (2496)-Hall,J (2501) Germany 2002 ½-½ (48)}) 20. c3 {White has very simple play on the black squares and his advantage is clear. I think, that from a strategical point of view - white's position is won.} Nc5 21. Bc2 a5 22. Re1 a4 23. Ne5 $1 {According to theory of blockade of Nimzowitsch.} a3 24. b3 {Now Black a3 is weak.} Ra7 {Unfortunately Black has no option for any counterplay. He only needs to sit and wait.} 25. b4 Na6 26. f3 Rc7 27. Re3 Bb7 28. Rd4 {Full blockade on black squares!} Nb8 29. Kd2 Ba6 (29... Nc6 $5 30. Nxc6 Rxc6 31. Bd3 Rfc8 32. Bb5 Rd6 33. c4 $16 {[%csl Ra3][%cal Ge3a3]}) 30. c4 {It's the right time to open the game. All white's pieces are on ideal positions.} dxc4 (30... Rfc8 $5 31. Rxa3 Bxc4 32. Nxc4 Rxc4 (32... dxc4 33. Kc3 $16) 33. Rxc4 dxc4 (33... Rxc4 34. Ra8 Rc8 35. a4 $18) 34. Ra8 $18) (30... Bxc4 $5 31. Nxc4 dxc4 32. Rxe6 $16) 31. Rxa3 Bb5 (31... b5 $143 32. Rd6 $18) (31... Rcc8 32. Re3 Nc6 33. Nxc6 Rxc6 34. Kc3 b5 35. a4 $18) 32. Rc3 Ra7 (32... Rfc8 $142 33. a4 Nd7 34. Ng4 Ba6 35. Ne3 {[%csl Ya6,Rc4][%cal Gb4b5]}) 33. a3 Rc8 34. Nxc4 $18 {That's all - now Magnus Carlsen transforms his positional advantage in material.} Rac7 {The last chance.} 35. Bb3 Kf8 36. Rc2 Nd7 37. Nd6 Rxc2+ 38. Bxc2 e5 39. Re4 Rd8 $2 40. Nxb5 Nf6+ 41. Kc3 Nxe4+ 42. Bxe4 {Very good positional victory for young Norvegian GM!} 1-0

[Event "Gausdal GM-A"]
[Site "Gausdal"]
[Date "2005.04.18"]
[Round "6"]
[White "Bogner, Sebastian"]
[Black "Carlsen, Magnus"]
[Result "0-1"]
[WhiteElo "2409"]
[BlackElo "2548"]
[Annotator "Finkel,Alexander"]
[PlyCount "62"]
[EventDate "2005.04.13"]
[EventType "tourn"]
[EventRounds "9"]
[EventCountry "NOR"]
[EventCategory "10"]
[SourceTitle "CBM 107"]
[Source "ChessBase"]
[SourceDate "2005.08.01"]
[SourceVersion "1"]
[SourceVersionDate "2005.08.01"]
[SourceQuality "1"]

1. e4 e5 2. Nf3 Nc6 3. Bb5 a6 4. Bxc6 dxc6 5. O-O Bg4 6. h3 Bh5 7. g4 $5 {This very interesting line leads to a complicated struggle with mutual chances. It seems White should be able to get an advantage either by returning his extra pawn at the right moment or by keeping it!} Bg6 8. Nxe5 Bd6 (8... Qh4 9. Qf3 f6 10. Nxg6 hxg6 11. Kg2 O-O-O 12. d3 Bd6 13. Rh1 Ne7 14. Nc3 g5 15. Ne2 { Gipslis,A/ECO/Fuchs-Trifunovic/Berlin/1962}) 9. Nxg6 (9. d4 Bxe5 10. dxe5 Qxd1 11. Rxd1 Bxe4 $13) 9... hxg6 10. Qf3 (10. Kg2 Qe7 11. d3 g5 12. Nd2 O-O-O 13. Nc4 f6 14. Qf3 Nh6 15. Be3 Nf7 16. Rad1 $14 {Petersen,S-Agergaard,L/Lyngby 1991}) 10... Qh4 (10... Be5 11. c3 (11. d3 Qh4 12. Kg2 O-O-O 13. g5 Rf8 14. Qg4+ Qxg4+ 15. hxg4 Ne7 16. f4 Bd6 17. Nc3 $16 {Garcia del Rey,S-Gutierrez Canseco,P/Spain 1993}) (11. Nc3 Ne7 12. Ne2 c5 13. d3 Nc6 14. Kg2 Qd6 15. Bf4 O-O-O 16. Qg3 g5 17. Bxe5 Nxe5 18. f4 gxf4 19. Nxf4 f6 20. b3 $16 {Wittmann,W-Pilz,D/Austria 1998}) 11... c5 12. Na3 b5 13. Nc2 c4 14. d4 cxd3 15. Rd1 c5 16. Rxd3 Qc7 17. Ne3 $16 {Guseinov,G-Davidov,S/Baku 2000}) (10... Qd7 11. d3 O-O-O 12. Kg2 Ne7 13. Bf4 f5 14. Bxd6 cxd6 15. Nd2 d5 16. e5 Rh4 $13 {Schelle,A-Appel,H/Freising 2001}) ({RR} 10... Qd7 11. d4 f5 12. exf5 gxf5 13. Re1+ Ne7 14. Bg5 fxg4 15. hxg4 O-O-O 16. Bxe7 Bxe7 17. Qf5 Qxf5 18. gxf5 Bf6 19. c3 c5 20. dxc5 Rh5 21. Na3 Rg5+ 22. Kf1 Rxf5 23. Nc4 Bh4 24. Re2 Rdf8 25. Kg2 {Gurel,E (2554)-Sychev,K (2542) chess.com INT 2023 ½-½ (96)}) ({RR} 10... Qd7 11. d3 f5 12. exf5 O-O-O 13. Nd2 Rf8 14. Nc4 gxf5 15. Nxd6+ Qxd6 16. Bf4 Qd7 17. Bh2 Ne7 18. Rae1 fxg4 19. Qxg4 Nf5 20. Bg3 Kb8 21. Re5 Qf7 22. Rfe1 Nxg3 23. Qxg3 Qxa2 24. Re7 Rc8 25. Rxg7 {Wites,A (1917)-Al Hosani,O (2287) Lienz AUT 2025 0-1 (40)}) 11. Kg2 Nf6 $146 {This move was most likely analysed by Norwegian youngster at his home-lab.} (11... Bf4 $5 12. Nc3 (12. d3 $5 g5 (12... Bxc1 13. Rxc1 g5 14. Nc3 Ne7 15. Ne2 Ng6 16. Rh1 Qh6 17. Qe3 $14) 13. Bxf4 gxf4 14. Nd2 Ne7 15. Rh1 Ng6 16. Qe2 $16) 12... Ne7 13. d4 g5 14. Ne2 (14. Bxf4 gxf4 15. Ne2 Ng6 16. Rh1 Qg5 17. Qb3 Nh4+ 18. Kf1 O-O-O 19. f3 $13) 14... Ng6 15. Rh1 Qh6 {h4+} 16. Kf1 Nh4 17. Qd3 (17. Qb3 $5 O-O-O 18. Bxf4 (18. Qxf7 $2 Rhf8 $40) 18... gxf4 19. f3 $13) 17... Bxc1 18. Rxc1 O-O-O 19. Qe3 Rhe8 $17 {Djurhuus,R-Hector,J/Malmo 1995; Wedberg}) (11... O-O-O 12. d4 f6 13. Nd2 Nh6 14. Nc4 Nf7 15. Rh1 Be7 16. c3 Nd6 17. Nxd6+ Bxd6 18. Be3 $16 {Hautala,R-Juntunen,J/Oulu 1998}) ({RR} 11... Bf4 12. Nc3 Ne7 13. d4 g5 14. Ne2 Ng6 15. Bxf4 gxf4 16. Rad1 O-O-O 17. Rh1 Qe7 18. Kh2 c5 19. Nxf4 Nh4 20. Qe2 cxd4 21. Ng2 Ng6 22. f4 Nf8 23. e5 g5 24. fxg5 Ne6 25. Rhf1 Nxg5 26. Rd3 {Skovgaard,P (2307)-Hector,J (2582) Ballerup 2010 ½-½ (90)}) ({RR} 11... Bf4 12. d3 g5 13. Rh1 Bxc1 14. Rxc1 Ne7 15. Nc3 Ng6 16. Ne2 Qh6 17. Qg3 O-O-O 18. f3 Rh7 19. Rh1 Nh4+ 20. Kf2 Qf6 21. Rab1 Ng6 22. Ke3 c5 23. b3 Rdh8 24. Kd2 Qb6 25. Kc1 Qa5 26. Kb2 {Fargere,F (2325)-Marzolf,B (2252) France 2007 1-0 (32)}) 12. e5 (12. Nc3 O-O-O 13. d4 c5 14. dxc5 Bxc5 15. Qg3 Qh7 16. Bg5 Bd4 $44) 12... Nd5 13. d4 ({After} 13. exd6 {black has to force a draw by} Nf4+ 14. Kh2 Qxh3+ (14... Nxh3 15. Qg3 Qh7 16. Re1+ Kd7 17. Kg2 Nf4+ 18. Kf3 $18) 15. Qxh3 Rxh3+ 16. Kg1 Ne2+ 17. Kg2 Nf4+ $11) 13... Be7 14. Qg3 $6 {I see no point in this move, but it shouldn't be too bad.} (14. c4 Nb4 (14... Nb6 15. b3 O-O-O 16. Bb2 (16. Be3 $6 c5 17. d5 Nd7 18. Bf4 Bg5 19. Bh2 Rde8 20. Re1 Bf6 $15) 16... f6 17. Qg3 Qh6 18. e6 $14) 15. Na3 O-O-O 16. Rd1 f6 17. Bf4 $13) 14... Qh7 15. c4 Nb4 16. Na3 (16. Nc3 Nc2 17. Rb1 Nxd4 18. Rd1 O-O-O 19. Be3 Nc2 $15) 16... O-O-O 17. Be3 $2 (17. Rd1 {[%csl Gd3]} g5 18. Qf3 Kb8 $13) 17... Nd3 18. Rab1 (18. Bg5 $2 Bxg5 19. Qxd3 Rxd4 $19 {[%csl Rh3]}) 18... g5 $1 $17 {[%cal Gh7e4] Threatening to come to e4.} 19. Qf3 (19. Rfd1 f6 20. e6 Qe4+ 21. Kg1 Nf4 $17) 19... c5 $1 20. dxc5 Bxc5 21. Bxg5 (21. Qf5+ Qxf5 22. gxf5 Bxa3 23. bxa3 Nxe5 24. Bxg5 f6 25. Bf4 Nxc4 $17) (21. Bxc5 Nxc5 22. Rfd1 Rxd1 23. Rxd1 Ne6 $40 {[%cal Ge6f4]}) 21... Nxe5 22. Qf5+ Qxf5 23. gxf5 Rd3 24. Nc2 $6 (24. Bf4) 24... Rdxh3 $19 {Black's attack is very dangerous even with the queens off the board.} 25. Be3 (25. Rh1 Rxh1 26. Rxh1 Rxh1 27. Kxh1 Nxc4 28. b3 Nd6 $19) 25... Rh2+ 26. Kg3 Bd6 27. c5 R8h3+ 28. Kf4 Rf3+ 29. Ke4 Rh4+ 30. Kd5 Nc6 31. Nd4 (31. cxd6 Rxf5#) 31... Rxf5+ $1 0-1

[Event "Gausdal GM-A"]
[Site "Gausdal"]
[Date "2005.04.19"]
[Round "7"]
[White "Carlsen, Magnus"]
[Black "Nordahl, Helge Andreas"]
[Result "1/2-1/2"]
[WhiteElo "2548"]
[BlackElo "2402"]
[PlyCount "133"]
[EventDate "2005.04.13"]
[EventType "tourn"]
[EventRounds "9"]
[EventCountry "NOR"]
[EventCategory "10"]
[SourceTitle "CBM 107"]
[Source "ChessBase"]
[SourceDate "2005.08.01"]
[SourceVersion "1"]
[SourceVersionDate "2005.08.01"]
[SourceQuality "1"]

1. e4 c5 2. Nf3 d6 3. d4 cxd4 4. Nxd4 Nf6 5. Nc3 a6 6. Be2 e5 7. Nb3 Be7 8. O-O O-O 9. Kh1 b6 10. f3 Bb7 ({RR} 10... Be6 11. Be3 Nbd7 12. a4 Qc7 13. Qd2 Rfc8 14. Rfd1 Qb7 15. Bf1 h6 16. Nc1 Nc5 17. N1a2 a5 18. Nc1 Rd8 19. Nd3 d5 20. exd5 Nxd5 21. Nxd5 Rxd5 22. Qf2 Rad8 23. Nxc5 Bxc5 24. Re1 Bf5 25. Bxc5 {Smirin,I (2575)-Rodshtein,M (2600) Jerusalem ISR 2024 ½-½ (60)}) 11. a4 h6 $146 ({RR} 11... Nbd7 12. Be3 Rc8 13. Rf2 Rc7 14. Bf1 Qa8 15. Rd2 h6 16. Nc1 Rxc3 17. bxc3 d5 18. exd5 Nxd5 19. Rd3 e4 20. fxe4 Nxe3 21. Rxe3 Nc5 22. e5 Ne4 23. Qe1 Rc8 24. Nb3 Bg5 25. e6 fxe6 26. Rf3 {Brodsky,M (2528)-Sowray,P (2334) Port Erin 2001 1-0 (38)}) ({RR} 11... Nc6 12. Bg5 Nb4 13. Nb1 h6 14. Bxf6 Bxf6 15. Na3 Qc7 16. c3 Nc6 17. Nc4 Rfd8 18. Qd3 Ne7 19. Qe3 Nc8 20. a5 b5 21. Nb6 Rb8 22. Rfd1 Ne7 23. c4 Bc6 24. cxb5 axb5 25. Qc3 Qa7 26. Rac1 {Ivanchuk,V (2747)-Vachier Lagrave,M (2804) Doha 2016 ½-½ (39)}) ({RR} 11... Nc6 12. Bg5 Nb4 13. Nb1 h6 14. Bxf6 Bxf6 15. Na3 Qc7 16. Qd2 Nc6 17. Nc4 Rfd8 18. a5 bxa5 19. Nbxa5 Nd4 20. Nxb7 Qxb7 21. Bd3 Bg5 22. Qf2 a5 23. Ra4 Ne6 24. Rfa1 Nc5 25. Rxa5 Rxa5 26. Rxa5 {Ivanchuk,V (2740)-Topalov,V (2740) Monte Carlo 1998 1-0 (59)}) 12. Be3 Nc6 13. Qd2 Nb4 14. a5 d5 15. Bxb6 Qc8 16. exd5 Nfxd5 17. Nxd5 Nxd5 18. Bd3 Bg5 19. Qe1 Re8 20. Ra4 Nxb6 21. axb6 Qc6 22. Rb4 Be7 23. Na5 Bxb4 24. Qxb4 Qd7 25. Nxb7 Qxb7 26. Be4 Qd7 27. Bxa8 Rxa8 28. c4 Qd4 29. Qc3 Qxb6 30. Qxe5 Rd8 31. c5 Qb5 32. Re1 Rd2 33. h3 Rxb2 34. Qf5 Qc6 35. Re7 Qg6 36. Qxg6 fxg6 37. Re6 Rc2 38. Rxg6 a5 39. c6 a4 40. Rg4 a3 41. Ra4 a2 42. Kh2 Kf7 43. c7 Rxc7 44. Rxa2 Rc6 45. Ra7+ Kf6 46. Kg3 Rb6 47. Kh4 g6 48. g4 Rb3 49. Kg3 g5 50. Ra6+ Kg7 51. Ra1 Kg6 52. Rc1 Ra3 53. Rb1 Rc3 54. Rb2 Ra3 55. Kg2 Ra6 56. Rb8 Kg7 57. Kg3 Ra3 58. Re8 Kf7 59. Re2 Kg6 60. Rd2 Rb3 61. Kf2 Rb6 62. Rd8 Kf7 63. Rd5 Kg6 64. Re5 Rb2+ 65. Kg3 Rb3 66. Rf5 h5 67. h4 1/2-1/2

[Event "Gausdal GM-A"]
[Site "Gausdal"]
[Date "2005.04.20"]
[Round "8"]
[White "Pedersen, Christian Kyndel"]
[Black "Carlsen, Magnus"]
[Result "1-0"]
[WhiteElo "2396"]
[BlackElo "2548"]
[PlyCount "189"]
[EventDate "2005.04.13"]
[EventType "tourn"]
[EventRounds "9"]
[EventCountry "NOR"]
[EventCategory "10"]
[SourceTitle "CBM 107"]
[Source "ChessBase"]
[SourceDate "2005.08.01"]
[SourceVersion "1"]
[SourceVersionDate "2005.08.01"]
[SourceQuality "1"]

1. e4 {Wedberg,Tom} e5 2. Nf3 Nc6 3. Bb5 a6 4. Ba4 Nf6 5. O-O Be7 6. Re1 b5 7. Bb3 d6 8. c3 O-O 9. h3 Bb7 10. d4 Re8 11. Ng5 Rf8 12. Nf3 h6 13. Nbd2 Re8 14. Bc2 Bf8 15. a4 Qd7 16. Bd3 $146 ({RR} 16. b3 exd4 ({RR} 16... exd4 17. cxd4 Nb4 18. Bb1 g6 19. axb5 Qxb5 20. d5 c6 21. Bb2 Nh5 22. dxc6 Nxc6 23. Nc4 Rad8) 17. cxd4 Nb4 18. Bb1 g6 19. axb5 Qxb5 20. d5 c6 21. Bb2 Nh5 22. dxc6 Nxc6 23. Nc4 Rad8 24. Ne3 Ne5 25. Nd4 Qb6 26. Bc3 Rc8 27. Ne2 Qd8 28. Qd2 Qg5 29. Ng4 Qxd2 30. Bxd2 Nxg4 {Van der Wiel,J (2530)-Karpov,A (2725) Amsterdam 1991 ½-½ (50)}) ({RR} 16. b3 b4 17. d5 ({RR} 17. Bb2 bxc3 18. Bxc3 exd4 19. Nxd4 d5) 17... Ne7 18. c4 ({RR} 18. cxb4 c6) 18... c5 19. Nf1 Kh8 20. N3h2 Ng6 21. Ne3 Rad8 22. Nf5 Bc8 23. Qf3 Nh7 24. Bd2 Ne7 25. h4 Ng8 26. g4 g6 27. Ne3 Bg7 28. Kh1 Ne7 29. Rg1 Rg8 30. Rg2 Rdf8 {Shirov,A (2723)-Sokolov,I (2688) Reykjavik 2003 CBM 094 [Wedberg,Tom] 1-0 (70)}) ({RR} 16. d5 Ne7 17. Nb3 c6 18. dxc6 Nxc6 19. Qe2 b4 20. c4 Qc7 21. Be3 Nd7 22. Nbd2 Nc5 23. b3 g6 24. Nf1 Bg7 25. Rad1 Re6 26. Qd2 h5 27. Bh6 Qd8 28. Bxg7 Kxg7 29. Ng3 a5 30. Qe3 Re8 {Timman,J (2655)-Psakhis,L (2545) Las Palmas 1982 ½-½ (41)}) 16... Na5 17. b3 exd4 18. cxd4 d5 19. e5 Ne4 20. Nxe4 dxe4 21. Bxe4 Bxe4 22. Rxe4 Qd5 23. Re3 c5 24. axb5 axb5 25. Ba3 b4 26. Bb2 c4 27. bxc4 Nxc4 28. Re2 Rxa1 29. Bxa1 Ra8 30. Nd2 Nxd2 31. Rxd2 b3 32. Bb2 Ra2 33. Qc1 Be7 34. Qc3 Bg5 35. f4 Bd8 36. Qd3 Ba5 37. Rf2 Bb6 38. Kh2 h5 39. Qe3 h4 40. Rd2 Ba5 41. Rf2 Bb6 42. Kh1 Qc4 43. Kh2 g6 44. g3 Ra4 45. Rd2 Ba5 46. Rg2 hxg3+ 47. Qxg3 Qe6 48. Qd3 Qc4 49. Qf3 Ra2 50. f5 Rxb2 51. Rxb2 Qxd4 52. Rxb3 Qxe5+ 53. Kg2 Kg7 54. fxg6 Qg5+ 55. Qg3 Qd2+ 56. Qf2 fxg6 57. Qxd2 Bxd2 58. Rd3 Bg5 59. Kf3 Bf6 60. Ke4 Kf7 61. Kd5 Bb2 62. Rb3 Ba1 63. Ra3 Bb2 64. Ra2 Bc3 65. Rf2+ Kg7 66. Ke6 Bd4 67. Rf7+ Kg8 68. Rd7 Bc3 69. Rc7 Bb2 70. Rb7 Bc3 71. Ke7 Kg7 72. Ke8+ Kg8 73. Ke7 Kg7 74. Ke6+ Kg8 75. Rb3 Bd4 76. Rg3 Kg7 77. Rg4 Bc3 78. h4 Kh6 79. Kf7 Kh5 80. Rxg6 Kxh4 81. Ke6 Be1 82. Kf5 Kh3 83. Kf4 Bd2+ 84. Kf3 Kh4 85. Rd6 Bc1 86. Rg6 Bd2 87. Rg1 Kh5 88. Ke4 Kh4 89. Rg8 Bc1 90. Rc8 Bd2 91. Rc2 Bb4 92. Rc4 Be7 93. Kf4 Kh5 94. Kf5 Bd8 95. Rc8 1-0

[Event "EU-ch 6th"]
[Site "Warsaw"]
[Date "2005.06.18"]
[Round "1"]
[White "Carlsen, Magnus"]
[Black "Praszak, Michal"]
[Result "1-0"]
[WhiteElo "2548"]
[BlackElo "2261"]
[Annotator "Rogozenco,Dorian"]
[PlyCount "65"]
[EventDate "2005.06.18"]
[EventType "swiss"]
[EventRounds "13"]
[EventCountry "POL"]
[SourceTitle "CBM 108"]
[Source "ChessBase"]
[SourceDate "2005.09.26"]
[SourceVersion "1"]
[SourceVersionDate "2005.09.26"]
[SourceQuality "1"]

1. e4 c5 2. Nf3 d6 3. d4 cxd4 4. Nxd4 Nf6 5. Nc3 g6 6. Be3 Bg7 7. f3 O-O 8. Qd2 Nc6 9. O-O-O d5 10. exd5 Nxd5 11. Nxc6 bxc6 12. Bd4 e5 13. Bc5 Be6 14. Ne4 Re8 15. h4 h6 16. g4 Qc7 17. g5 h5 18. Bc4 Red8 19. Qf2 Qa5 (19... Qb7 $142 $14 {/}) (19... a5 20. a4 $14) 20. Qe1 $146 (20. a3 Nf4 21. Rxd8+ Rxd8 22. Bxe6 Nxe6 23. Bxa7 Nd4 24. Bc5 Qb5 25. Re1 Rb8 $14 {½-½ Kriventsov,S (2409)-Kudrin,S (2554)/Stillwater 2005}) (20. Rd2 Nf4 21. Bxe6 Nxe6 22. a3 Rd5 23. Be3 Nd4 24. Rd3 Rb8 $13 {1-0 Vorobiov,E (2440)-Pavlov,N (2310)/Moscow 1996 (56)}) (20. Rd3 Nf4 21. Ra3 Qc7 22. Bxe6 Nxe6 23. Rd1 Rxd1+ 24. Kxd1 Nxc5 25. Qxc5 Qd7+ 26. Rd3 Qh3 27. Qf2 Qh1+ 28. Qe1 Qh3 29. Kc1 Rb8 30. Qf2 Rb7 31. b3 Rd7 32. Rxd7 Qxd7 33. Qc5 Qf5 34. Qxc6 Qf4+ 35. Kb2 Qxh4 36. Qe8+ {1-0 Mueller,M-Weitzer,S (2250)/Germany 1995/GER-chT2}) 20... Nc3 $2 {This idea has a refutation.} (20... Qa4 21. Bb3 Qa6 22. Qf1 Qa5 $14) 21. Rxd8+ (21. Qxc3 $2 Qxc3 22. Nxc3 Bxc4 $11) 21... Rxd8 22. Bxe6 $1 Rd1+ 23. Qxd1 Nxd1 24. Bb3 $1 $18 {Black took the queen but loses too many pieces for it.} Nxb2 25. Kxb2 Qc7 26. Rd1 {White is easily winning - all his pieces are very active.} a5 27. a4 Kh7 28. Rd6 Qc8 $146 ({RR} 28... Bf8 29. Rf6 Bxc5 30. Rxf7+ Qxf7 31. Bxf7 Bd4+ 32. Kb3 Kg7 33. Be8 c5 34. c3 Be3 35. Kc4 {1-0 (35) Kuspak,A (1832)-Kaczor,K (1664) Sielpia 2010}) 29. Bxf7 Qf5 30. Bxg6+ Qxg6 31. Rxg6 Kxg6 32. Kb3 Kf5 33. Ng3+ 1-0

[Event "EU-ch 6th"]
[Site "Warsaw"]
[Date "2005.06.25"]
[Round "7"]
[White "Carlsen, Magnus"]
[Black "Kharlov, Andrei"]
[Result "1-0"]
[WhiteElo "2548"]
[BlackElo "2628"]
[Annotator "Mueller,Karsten"]
[PlyCount "131"]
[EventDate "2005.06.18"]
[EventType "swiss"]
[EventRounds "13"]
[EventCountry "POL"]
[SourceTitle "CBM 108"]
[Source "ChessBase"]
[SourceDate "2005.09.26"]
[SourceVersion "1"]
[SourceVersionDate "2005.09.26"]
[SourceQuality "1"]

1. e4 e5 2. Nf3 Nc6 3. Bb5 Nf6 4. O-O Nxe4 5. d4 Nd6 6. Bxc6 dxc6 7. dxe5 Nf5 8. Qxd8+ Kxd8 9. Nc3 Be6 10. Ng5 Ke7 ({RR} 10... Be7 11. Nxe6+ fxe6 12. Ne4 Ke8 13. Bf4 Nd4 14. g3 Nxc2 15. Rad1 Nb4 16. a3 Nd5 17. Bg5 Rf8 18. Rd3 Rd8 19. Rfd1 h6 20. Bxe7 Kxe7 21. f4 Rf5 22. h4 Rg8 23. b4 Ra8 24. Rc1 a5 25. b5 {Ovezdurdiyeva,J (2061)-Khoroshev,N (2364) Chess.com INT 2021 0-1 (33)}) 11. f4 ({RR} 11. Rd1 h6 12. Nge4 Rd8 13. Bf4 b6 14. h3 g6 15. g4 Nd4 16. Bg3 g5 17. f4 Nxc2 18. Rac1 Ne3 19. Re1 Rd3 20. Nf2 Rxc3 21. bxc3 gxf4 22. Bxf4 Nc4 23. Ne4 Kd8 24. Nf6 Kc8 25. Kg2 a5 {Shirov,A (2739)-Nakamura,H (2729) Moscow 2010 ½-½ (79)}) ({RR} 11. Bf4 h6 12. Nxe6 Kxe6 13. Rad1 Be7 14. g4 Nh4 15. Bg3 h5 16. h3 hxg4 17. hxg4 g5 18. Ne4 Rad8 19. Rxd8 Rxd8 20. Bxh4 gxh4 21. f4 Rg8 22. Kf2 Rxg4 23. Kf3 Rg8 24. Rd1 b6 25. c4 h3 {Galkin,A (2598)-Kharlov,A (2591) chessassistantclub.com INT 2004 1-0 (50)}) 11... h5 $146 ({RR} 11... Bc4 12. Rf2 Rd8 13. b3 h6 14. Ba3+ Ke8 15. Bxf8 Rxf8 16. bxc4 hxg5 17. fxg5 Ne3 18. Rb1 b6 19. c5 b5 20. a4 a6 21. Re1 Nd5 22. Nxd5 Rxd5 23. axb5 axb5 24. e6 fxe6 25. Rxe6+ Kd7 26. Rxf8 {Bakutin,A (2220)-Gusev,A (2412) Donskoj 2002 ½-½ (46)}) ({RR} 11... Bc4 12. Rd1 h6 13. Nf3 Ke8 14. g4 Ne7 15. Kg2 f5 16. exf6 gxf6 17. b3 Bd5 18. Nxd5 cxd5 19. Bb2 Rg8 20. h3 Kf7 21. Nd4 a6 22. Ba3 Ng6 23. Bxf8 Rgxf8 24. f5 Ne7 25. Ne6 Rfc8 26. c4 {Severiukhina,Z (2189)-Zaiatz,E (2417) Sochi 2006 1-0 (71)}) 12. Rd1 Rd8 13. Rxd8 Kxd8 14. Nxe6+ fxe6 15. Ne4 Be7 16. Kf2 c5 17. Be3 b6 18. Rd1+ Kc8 19. Ke2 Kb7 20. Bf2 c4 21. Kf3 Kc6 22. g3 a6 23. h3 g6 24. g4 hxg4+ 25. hxg4 Rh3+ 26. Ke2 Nh6 27. Rg1 b5 28. Be3 b4 29. Nf2 Rh2 30. Kf3 Bh4 31. Rh1 Rxh1 32. Nxh1 Kd5 33. Bf2 Bxf2 34. Nxf2 a5 35. c3 b3 36. a3 Ng8 37. Nd1 Ne7 38. Ne3+ Kc5 39. Ke4 a4 40. Nf1 Kb5 41. Nd2 Kc5 42. Nf3 Kc6 43. Nd4+ Kd7 44. Ne2 Kc6 45. Nd4+ Kd7 46. f5 exf5+ 47. gxf5 c5 48. e6+ Ke8 49. Ne2 Nxf5 50. Nf4 Ne7 51. Ke5 g5 52. Nh5 Kd8 53. Kd6 Nf5+ 54. Ke5 Ne7 55. Kf6 Nc6 $2 {Nach diesem passiven Zug bekommt Schwarz kein Bein mehr auf den Boden.} (55... Nd5+ {war vonnöten:} 56. Kf7 (56. Kxg5 $2 Nxc3 $19) 56... g4 57. Ng3 Ne7 $11) 56. Kxg5 Ke7 57. Nf4 Kd6 (57... Na7 58. Kf5 Nb5 59. Nd5+ Kd6 60. Ne3 Ke7 61. Nxc4 Nc7 62. Ke5 Nxe6 63. Nb6 $18) 58. Kf6 Ne7 59. Kf7 Nc6 60. Kf6 Ne7 (60... Ne5 61. Nd5 Ng4+ 62. Kg5 Ne5 63. e7 Kd7 64. Kf6 Ng4+ 65. Kf7 Ne5+ 66. Kg7 Nc6 67. Kf8 $18) 61. Ng2 Ng8+ 62. Kg7 Ne7 (62... Kxe6 63. Kxg8 Ke5 64. Ne3 Ke4 65. Nxc4 Kd3 66. Nb6 Kc2 67. Nxa4 $18) 63. Kf7 Nc6 64. Kf6 Nd4 (64... Ne7 65. Ne3 Ng8+ 66. Kg7 Ne7 67. Kf7 Nc8 68. Kf6 $18) 65. e7 Kd7 66. Kf7 1-0